LIBRARY ONLINE CATALOGUE

Encyclopedia of social theory / (Record no. 14932)

MARC details
000 -LEADER
fixed length control field 00681cam a22002172 4500
001 - CONTROL NUMBER
control field 0000003118
005 - DATE AND TIME OF LATEST TRANSACTION
control field 20151217161132.0
008 - FIXED-LENGTH DATA ELEMENTS--GENERAL INFORMATION
fixed length control field 070427s xx 000 0 eng d
020 ## - INTERNATIONAL STANDARD BOOK NUMBER
International Standard Book Number 0761926119 :
Terms of availability KES 2,800
040 ## - CATALOGING SOURCE
Original cataloging agency KABU
Transcribing agency KABU
050 #0 - LIBRARY OF CONGRESS CALL NUMBER
Classification number HM425
Item number .E53
245 10 - TITLE STATEMENT
Title Encyclopedia of social theory /
Statement of responsibility, etc. edited by George Ritzer.
260 ## - PUBLICATION, DISTRIBUTION, ETC. (IMPRINT)
Place of publication, distribution, etc. London :
Name of publisher, distributor, etc. Sage,
Date of publication, distribution, etc. 2005.
300 ## - PHYSICAL DESCRIPTION
Extent 2 v.
650 #0 - SUBJECT ADDED ENTRY--TOPICAL TERM
Topical term or geographic name as entry element Sociology
General subdivision Philosophy
Form subdivision Encyclopedias.
-- 0000152761
700 1# - ADDED ENTRY--PERSONAL NAME
Personal name Ritzer, George.
-- 0000152762
908 ## - PUT COMMAND PARAMETER (RLIN)
Put command parameter 070427
950 ## - LOCAL HOLDINGS (RLIN)
-- 1
Holdings
Withdrawn status Lost status Source of classification or shelving scheme Not for loan Home library Current library Date acquired Total Checkouts Full call number Barcode Date last seen Price effective from Koha item type
    Library of Congress Classification Not For Loan Kabarak, Main Campus Kabarak, Main Campus 17/12/2015   HM425 .E53 010103 17/12/2015 17/12/2015 Reference
    Library of Congress Classification Not For Loan Kabarak, Main Campus Kabarak, Main Campus 17/12/2015   HM425 .E53 010102 17/12/2015 17/12/2015 Reference